000 00355nam a2200145Ia 4500
008 231129s1985||||xx |||||||||||||| ||spa||
020 _a84-7634-097-4
040 _bspa
082 _a808.3876 A832s
100 _aAsimov Isaac
245 0 _aEl sol desnudo
260 _c1985
264 _aOrbis
942 _2ddc
_cBKS
999 _c12462
_d12462